Normal view MARC view
  • Fantasy fiction

Entry Topical Term

Number of records used in: 3

001 - CONTROL NUMBER

  • control field: 40180

003 - CONTROL NUMBER IDENTIFIER

  • control field: OSt

005 - DATE AND TIME OF LATEST TRANSACTION

  • control field: 20160614103420.0

008 - FIXED-LENGTH DATA ELEMENTS

  • fixed length control field: 160614|| aca||babn | a|a d

040 ## - CATALOGING SOURCE

  • Original cataloging agency: OSt

150 ## - HEADING--TOPICAL TERM

  • Topical term or geographic name as entry element: Fantasy fiction

450 ## - SEE FROM TRACING--TOPICAL TERM

  • Topical term or geographic name entry element: Fantastic fiction

450 ## - SEE FROM TRACING--TOPICAL TERM

  • Topical term or geographic name entry element: Heroic fantasy (Fiction)

550 ## - SEE ALSO FROM TRACING--TOPICAL TERM

  • Topical term or geographic name entry element: Fantasy literature

550 ## - SEE ALSO FROM TRACING--TOPICAL TERM

  • Topical term or geographic name entry element: Fiction